| 000 | 01305nac a22003131i 4500 | ||
|---|---|---|---|
| 003 | EG-ScBUE | ||
| 005 | 20250727091807.0 | ||
| 008 | 090203s2006 enka f b 001 0 eng d | ||
| 020 | _a9780198700722 | ||
| 040 |
_aEG-ScBUE _beng _erda _cEG-ScBUE _dEG-ScBUE |
||
| 082 | 0 | 4 |
_a541.3 _bATK _222 |
| 100 | 1 |
_aAtkins, P. W. _q(Peter William), _d1940- _eauthor. _99223 |
|
| 245 | 1 | 0 |
_aAtkins' physical chemistry / _cPeter Atkins, professor of chemistry, University of Oxford, and fellow of Lincoln College, Oxford, Julio De Paula, professor and dean of the College of Arts and Sciences, Lewis and Clark College, Portland, Oregon. |
| 246 | 3 | 0 | _aPhysical chemistry |
| 250 | _aEighth edition. | ||
| 264 | 1 |
_aOxford : _bOxford University Press, _c2006. |
|
| 300 |
_axxx, 1064 pages : _bcolor illustrations ; _c28 cm |
||
| 336 |
_2rdacontent _atext _btxt |
||
| 337 |
_aunmediated _2rdamedia _bn |
||
| 338 |
_avolume _bnc _2rdacarrier |
||
| 500 | _aIncludes Appendices. | ||
| 504 | _aIncludes bibliographical references and index. | ||
| 650 | 7 |
_aChemistry, Physical and theoretical. _99224 _2BUEsh |
|
| 653 |
_cOctober2011 _bENGCHE |
||
| 655 | _vReading book | ||
| 700 | 1 |
_aDe Paula, Julio, _99225 _eauthor. |
|
| 856 |
_3Online learning resources _uhttp://www.oxfordtextbooks.co.uk/orc/pchem8e/ |
||
| 942 |
_cBB _2ddc |
||
| 999 |
_c7955 _d7955 |
||